| 000 | 00000nam 2200000za 4500 |
| 001 | 9.699495 |
| 003 | CaOODSP |
| 005 | 20230310074409 |
| 007 | cr ||||||||||| |
| 008 | 150407|1978||||xxc|||||o f|0| 0 eng d |
| 040 | |aCaOODSP|beng |
| 043 | |an-cn--- |
| 086 | 1 |aA53-1664/1978E-PDF |
| 110 | 1 |aCanada.|bAgriculture Canada.|bResearch Branch. |
| 245 | 10|aRhubarb culture / |h[electronic resource]|c[by] E.W. Chipman. |
| 260 | |aOttawa - Ontario : |bAgriculture Canada. |c1978. |
| 300 | |a8p. |
| 500 | |aHistorical publication digitized by Agriculture and Agri-Food Canada. -- "This publication replaces Publication 1369, Rhubarb Planting and Growing"--p. 6 of 8. |
| 590 | |a15-01-Supp|b2015-01-26 |
| 690 | 07|aGardening|2gcpds |
| 690 | 07|aGardens|2gcpds |
| 690 | 07|aVegetable crops|2gcpds |
| 775 | 08|tLa culture de la rhubarbe / |w(CaOODSP)9.643453 |
| 795 | |tRhubarb planting & growing / |w(CaOODSP)9.699633 |
| 856 | 40|ahttp://publications.gc.ca|qPDF|s303 KB|uhttps://publications.gc.ca/collections/collection_2014/aac-aafc/agrhist/A53-1664-1978-eng.pdf |
| 986 | |a1664 |